• 首页
  • 本馆介绍
  • 公告通知
  • 最新文献
  • 馆藏检索
  • 电子资源
  • 读者导购
  • 参考咨询
  • 我的图书馆
  • 登录
  • 详细信息显示
  • 放入我的书架
  • 预约/预借图书
  • 作者相关作品
  • 分类相关作品
  • 丛书相关作品
  • 出版社相关作品

书目信息

  • 表格格式
  • 工作单格式
  • 卡片格式
题名:
现代工业微生物学教程
    
 
作者: 杨汝德 主编
分册:  
出版信息: 北京   高等教育出版社  2006
页数: 435页
开本: 26cm
丛书名:
单 册:
中图分类: Q939.97
科图分类:
主题词: 工业微生物学--教材 , 工业微生物学
电子资源:
ISBN: 7-04-017738-2
000 00974nam0 2200265 45
001 1050993187
005 20100420092737.68
010    @a7-04-017738-2@dCNY33.10
100    @a20100409e2006 em y0chiy50 ea
101 0  @achi
102    @aCN@b110000
105    @aa z 000yy
106    @ar
200 1  @a现代工业微生物学教程@AXian Dai Gong Ye Wei Sheng Wu Xue Jiao Cheng@dFoundations of modern industrial microbiology@f杨汝德主编@FYang Ru De Zhu Bian@zeng
210    @a北京@c高等教育出版社@d2006
215    @a435页@c图@d26cm
300    @a生物技术和生物工程专业规划教材
330    @a本书共十一章,内容包括:微生物与工业微生物学、重要的工业微生物种类、微生物的生长繁殖及其控制、工业微生物基本实验技术等。
510 1  @aFoundations of modern industrial microbiology@zeng
606 0  @a工业微生物学@j教材
606 0  @a工业微生物学
690    @aQ939.97@v4
701  0 @a杨汝德@AYang Ru De@4主编
801  0 @aCN@bTANGWEI@c20100420
905    @b0592445-47@dQ939.97@e65@f3
    
    现代工业微生物学教程=Foundations of modern industrial microbiology/杨汝德主编.-北京:高等教育出版社,2006
    435页:图;26cm
    生物技术和生物工程专业规划教材
    
    ISBN 7-04-017738-2:CNY33.10
    本书共十一章,内容包括:微生物与工业微生物学、重要的工业微生物种类、微生物的生长繁殖及其控制、工业微生物基本实验技术等。
●
相关链接 在E读中查询图书 在五车中查询图书 在当当中查询图书 在豆瓣中查询图书


正题名:现代工业微生物学教程     索取号:Q939.97/65         预约/预借

序号 登录号 条形码 馆藏地/架位号 状态 备注
1 0592445   205924455   第二样本阅览室/ [索取号:Q939.97/65] 在馆    
2 0592446   205924464   第三借阅区/ [索取号:Q939.97/65] 在馆    
3 0592447   205924473   第三借阅区/ [索取号:Q939.97/65] 在馆    
唐山师范学院图书馆 欢迎您!
大连网信软件有限公司© 版权所有